000 00695nam a22001577a 4500
003 OSt
005 20150916153213.0
008 150916b xxu||||| |||| 00| 0 eng d
040 _cRUA
082 _aAGR MEA 2003 B029 Or.1
100 _9607
_aMEACH CHNTMILL
245 _aStudy on integrated farming system of church world service (CWS) in svay rieng province,(ការសិក្សាអំពីប្រព័ន្ធកសិកម្មចំរុះរបស់អង្គការគ្រឹស្តសាសនាបំរើពិភពលោក(ស៊ីដាប់វ៉ាយូអេស)
260 _aphnom penh
_bRUA
_c2003
300 _a49p.
_cill.
_g29cm.
942 _2ddc
_cAGR
999 _c582
_d582